01155nam a2200301 a 450000100060000000300080000600500170001400800390003103500200007004000320009004100080012208200320013010000230016224501010018526000980028630000250038449000900040950000200049950400320051965000340055165000310058565000460061665100410066283000110070370000260071470000300074083000830077036660BD-RjUL20211209052521.0140805s1981 bg b 001 0 eng a(BD-RjUL) 36761 aDLCcDLCdDLCdBD-RjULbeng aeng00a304.632095492219bMAL 19811 aMaloney, Clarence.10aBeliefs and fertility in Bangladesh /cClarence Maloney, K.M. Ashraful Aziz, Profulla C. Sarker. aDacca, Bangladesh :bInternational Centre for Diarrhoeal Disease Research, Bangladesh,c1981. axv, 366 p. ;c25 cm.1 aMonograph / International Centre for Diarrhoeal Disease Research, Bangladesh ;vno. 2 aIncludes index. aBibliography: p. [342]-356. 0aFertility, HumanzBangladesh. 0aBirth controlzBangladesh. 0aBirth controlxMoral and ethical aspects. 0aBangladeshxSocial life and customs. 0vno. 2.1 aAziz, K. M. Ashraful.1 aSarker, Profulla Chandra. 0aMonograph (International Centre for Diarrhoeal Disease Research, Bangladesh) ;